<?xml version="1.0" encoding="UTF-8"?>
<record
    xmlns:xsi="http://www.w3.org/2001/XMLSchema-instance"
    xsi:schemaLocation="http://www.loc.gov/MARC21/slim http://www.loc.gov/standards/marcxml/schema/MARC21slim.xsd"
    xmlns="http://www.loc.gov/MARC21/slim">

  <leader>03303nam a2200349 a 4500</leader>
  <controlfield tag="003">OSt</controlfield>
  <controlfield tag="005">20250617143306.0</controlfield>
  <controlfield tag="007">cr ||||||a|a|a</controlfield>
  <controlfield tag="008">250616s2025    mx a|||fom||| 001 0 spa d</controlfield>
  <datafield tag="040" ind1=" " ind2=" ">
    <subfield code="e">rda</subfield>
  </datafield>
  <datafield tag="100" ind1="1" ind2=" ">
    <subfield code="a">Hernandez Romero, Camelia</subfield>
    <subfield code="9">190476</subfield>
  </datafield>
  <datafield tag="245" ind1="1" ind2="0">
    <subfield code="a">Niveles de pH de sal pot&#xE1;sica de &#xE1;cido indolbut&#xED;rico en el enraizamiento de aguacate (Persea americana Mill)/</subfield>
    <subfield code="c">por Camelia Hern&#xE1;ndez Romero; director de tesis Alejandro Facundo Barrientos Priego; secretario Claudia Reyes Quiroz; vocal Roberto Rivera del R&#xED;o; suplente Carlos de Jes&#xFA;s Morales Becerril; suplente Mercedes Mart&#xED;nez Villag&#xF3;mez.</subfield>
  </datafield>
  <datafield tag="264" ind1=" " ind2="1">
    <subfield code="a">Chapingo, M&#xE9;xico :</subfield>
    <subfield code="b">El autor,</subfield>
    <subfield code="c">2024.</subfield>
  </datafield>
  <datafield tag="300" ind1=" " ind2=" ">
    <subfield code="a">1 recurso en l&#xED;nea (51 p&#xE1;ginas):</subfield>
    <subfield code="b">cuadros, figuras.</subfield>
  </datafield>
  <datafield tag="336" ind1=" " ind2=" ">
    <subfield code="2">rdacontent</subfield>
    <subfield code="a">texto</subfield>
    <subfield code="b">txt</subfield>
  </datafield>
  <datafield tag="337" ind1=" " ind2=" ">
    <subfield code="2">rdamedia</subfield>
    <subfield code="a">computadora</subfield>
    <subfield code="b">c</subfield>
  </datafield>
  <datafield tag="338" ind1=" " ind2=" ">
    <subfield code="2">rdacarrier</subfield>
    <subfield code="a">recurso en l&#xED;nea</subfield>
    <subfield code="b">cr</subfield>
  </datafield>
  <datafield tag="502" ind1=" " ind2=" ">
    <subfield code="b">IAEF</subfield>
    <subfield code="c">Fitotecnia</subfield>
    <subfield code="d">2024.</subfield>
    <subfield code="g">LIC</subfield>
  </datafield>
  <datafield tag="504" ind1=" " ind2=" ">
    <subfield code="a">Incluye referencias bibliogr&#xE1;ficas: p&#xE1;ginas 43-51.</subfield>
  </datafield>
  <datafield tag="520" ind1=" " ind2=" ">
    <subfield code="a">Para obtener portainjertos de aguacate (Persea americana Mill.) que se adapten a diversas condiciones edafoclim&#xE1;ticas y garanticen una buena producci&#xF3;n de variedades comerciales, es necesario realizar clonaci&#xF3;n para preservar caracter&#xED;sticas deseables y asegurar una plantaci&#xF3;n homog&#xE9;nea con adecuada calidad de ra&#xED;z y densidades m&#xE1;s altas. La clonaci&#xF3;n se realiza generalmente mediante acodos, utilizando la t&#xE9;cnica de etiolaci&#xF3;n de brotes, donde se induce el crecimiento de ra&#xED;ces adventicias mediante el lesionado cercano a la base y la aplicaci&#xF3;n de auxinas ex&#xF3;genas. Phytophthora cinnamomi es el pat&#xF3;geno responsable de la enfermedad m&#xE1;s significativa en aguacates, por lo que se han buscado portainjertos resistentes o tolerantes como alternativa. El portainjerto Duke 7 ha mostrado tolerancia a este pat&#xF3;geno y fue seleccionado para esta investigaci&#xF3;n. El objetivo de este estudio fue evaluar el efecto de tres niveles de pH (4, 7 y 10) de auxinas en el enraizamiento de acodos de aguacate. Se evaluaron las siguientes variables: porcentaje de enraizamiento, n&#xFA;mero de ra&#xED;ces, longitud de ra&#xED;ces, longitud de acodo e &#xED;ndice de calidad de ra&#xED;ces. No se encontraron diferencias significativas en el porcentaje de enraizamiento entre los tratamientos. Sin embargo, el n&#xFA;mero de ra&#xED;ces y el &#xED;ndice de calidad de ra&#xED;ces fueron superiores en el tratamiento con pH 7. Las longitudes de ra&#xED;ces y acodos fueron similares en todos los niveles de pH. Por lo tanto, el pH de las auxinas influy&#xF3; en la formaci&#xF3;n y desarrollo de ra&#xED;ces adventicias en acodos del portainjerto Duke 7.</subfield>
  </datafield>
  <datafield tag="650" ind1=" " ind2="4">
    <subfield code="a">Potasio</subfield>
    <subfield code="x">Efecto en aguacate</subfield>
    <subfield code="9">91085</subfield>
  </datafield>
  <datafield tag="650" ind1=" " ind2="4">
    <subfield code="a">Aguacate</subfield>
    <subfield code="x">Resistencia a enfermedades</subfield>
    <subfield code="9">190682</subfield>
  </datafield>
  <datafield tag="650" ind1=" " ind2="4">
    <subfield code="a">Aguacate</subfield>
    <subfield code="x">Mejoramiento</subfield>
    <subfield code="9">2533</subfield>
  </datafield>
  <datafield tag="650" ind1=" " ind2="4">
    <subfield code="a">Aguacate</subfield>
    <subfield code="x">Rendimiento</subfield>
    <subfield code="9">2553</subfield>
  </datafield>
  <datafield tag="700" ind1="1" ind2=" ">
    <subfield code="a">Barrientos Pliego, Alejandro Facundo</subfield>
    <subfield code="e">director de tesis</subfield>
    <subfield code="9">190669</subfield>
  </datafield>
  <datafield tag="700" ind1="1" ind2=" ">
    <subfield code="a">Reyes Quiroz, Claudia</subfield>
    <subfield code="9">132439</subfield>
    <subfield code="e">secretario.</subfield>
  </datafield>
  <datafield tag="700" ind1="0" ind2=" ">
    <subfield code="a">Rivera del R&#xED;o, Roberto</subfield>
    <subfield code="9">97628</subfield>
    <subfield code="e">vocal.</subfield>
  </datafield>
  <datafield tag="700" ind1="1" ind2=" ">
    <subfield code="a">Morales Becerril, Carlos de Jes&#xFA;s</subfield>
    <subfield code="9">137052</subfield>
    <subfield code="e">suplente.</subfield>
  </datafield>
  <datafield tag="700" ind1="1" ind2=" ">
    <subfield code="a">Mart&#xED;nez Villag&#xF3;mez, Mercedes</subfield>
    <subfield code="e">suplente.</subfield>
    <subfield code="9">127511</subfield>
  </datafield>
  <datafield tag="856" ind1=" " ind2=" ">
    <subfield code="u">http://10.13.5.2/tesis/tl/1611133-1_HERNANDEZ_ROMERO_CAMELIA.pdf</subfield>
    <subfield code="z">DESCARGAR PDF</subfield>
  </datafield>
  <datafield tag="942" ind1=" " ind2=" ">
    <subfield code="2">Clasificaci&#xF3;n Universidad Aut&#xF3;noma Chapingo</subfield>
    <subfield code="c">TD</subfield>
  </datafield>
  <datafield tag="999" ind1=" " ind2=" ">
    <subfield code="c">220625</subfield>
    <subfield code="d">220625</subfield>
  </datafield>
  <datafield tag="952" ind1=" " ind2=" ">
    <subfield code="0">0</subfield>
    <subfield code="1">0</subfield>
    <subfield code="2">local</subfield>
    <subfield code="4">0</subfield>
    <subfield code="5">1</subfield>
    <subfield code="7">0</subfield>
    <subfield code="8">TesDigL</subfield>
    <subfield code="a">BD</subfield>
    <subfield code="b">BD</subfield>
    <subfield code="c">E_L</subfield>
    <subfield code="d">2025-06-16</subfield>
    <subfield code="l">0</subfield>
    <subfield code="o">Tesis digital</subfield>
    <subfield code="r">2025-06-16 15:17:43</subfield>
    <subfield code="w">2025-06-16</subfield>
    <subfield code="y">TD</subfield>
  </datafield>
</record>
